Méchants Disney - Trombinoscope - Statistiques

Statistiques générales
  • Ce quiz a été pris 3 781 fois
  • Le résultat moyen est 19 sur 25
Statistiques - réponses
Hint Extra Hint Réponse % Correct
Maléfique Cliquez sur le bon personnage
96%
Capitaine Crochet Cliquez sur le bon personnage
95%
Ursula Cliquez sur le bon personnage
93%
Cruella d'Enfer Cliquez sur le bon personnage
91%
Jafar Cliquez sur le bon personnage
90%
Scar Cliquez sur le bon personnage
90%
Hadès Cliquez sur le bon personnage
87%
Prince Hans Cliquez sur le bon personnage
84%
Shan Yu Cliquez sur le bon personnage
84%
Shere Khan Cliquez sur le bon personnage
81%
La Reine de Cœur Cliquez sur le bon personnage
80%
Gaston Cliquez sur le bon personnage
79%
La Reine-sorcière Cliquez sur le bon personnage
77%
Mère Gothel Cliquez sur le bon personnage
77%
Yzma Cliquez sur le bon personnage
73%
Madame Mim Cliquez sur le bon personnage
70%
Tamatoa Cliquez sur le bon personnage
70%
Madame de Trémaine (marâtre) Cliquez sur le bon personnage
70%
Prince Jean Cliquez sur le bon personnage
67%
Grand Coquin Cliquez sur le bon personnage
65%
Juge Claude Frollo Cliquez sur le bon personnage
65%
Docteur Facilier Cliquez sur le bon personnage
62%
Edgar Balthazar Cliquez sur le bon personnage
56%
William Clayton Cliquez sur le bon personnage
55%
Gouverneur Ratcliffe Cliquez sur le bon personnage
51%
Aucun quiz correspondant
Distribution des résultats
% des personnes avec chaque résultat
Percentile par nombre de réponses
Votre historique - résultats
Vous n’avez pas pris ce quiz